Pedagogía terapéutica y tecnología educacional / (Record no. 190334)

MARC details
000 -LEADER
campo de control de longitud fija 01087nam a2200253 i 4500
001 - NÚMERO DE CONTROL
campo de control 190334
003 - IDENTIFICADOR DE NÚMERO DE CONTROL
campo de control SpMaBN
005 - FECHA Y HORA DE LA ÚLTIMA TRANSACCIÓN
campo de control 20250829130334.0
008 - DATOS DE LONGITUD FIJA--INFORMACIÓN GENERAL
campo de control de longitud fija 201110s1976 sp |||| | spa d
080 ## - NÚMERO DE LA CLASIFICACIÓN DECIMAL UNIVERSAL
Número de la Clasificación Decimal Universal 37.013.82(043.2)
100 1# - ENTRADA PRINCIPAL--NOMBRE DE PERSONA
Nombre de persona Meler i Muntané, Miquel,
Fechas asociadas al nombre 1921-2005
9 (RLIN) 170726
245 10 - MENCIÓN DEL TÍTULO
Título Pedagogía terapéutica y tecnología educacional /
Mención de responsabilidad, etc. Miguel Meler Muntané.
260 ## - PUBLICACIÓN, DISTRIBUCIÓN, ETC.
Lugar de publicación, distribución, etc. Barcelona :
Nombre del editor, distribuidor, etc. Universidad de Barcelona, [Facultad de Filosofía y Ciencias de la Educación],
Fecha de publicación, distribución, etc. 1976.
300 ## - DESCRIPCIÓN FÍSICA
Extensión 27 p. ;
Dimensiones 24 cm.
502 ## - NOTA DE TESIS
Nota de tesis Tesis-Univ. Barcelona (Extracto)
594 ## - Nota al título y mención de responsabilidad
Nota al título y mención de responsabilidad Precede al tít.: Universidad de Barcelona. Secretariado de Publicaciones Intercambio Científico y Extensión Universitaria.
650 #7 - PUNTO DE ACCESO ADICIONAL DE MATERIA--TÉRMINO DE MATERIA
Término de materia o nombre geográfico como elemento de entrada Pedagogía terapéutica
Fuente del encabezamiento o término embne
9 (RLIN) 15909
650 #4 - PUNTO DE ACCESO ADICIONAL DE MATERIA--TÉRMINO DE MATERIA
Término de materia o nombre geográfico como elemento de entrada Tecnología educativa.
9 (RLIN) 170727
655 ## - TERMINO DE INDIZACIÓN--GENERO/FORMA
Datos o término principal de género/forma Tesis y escritos académicos
9 (RLIN) 226867
710 2# - ENTRADA AGREGADA--NOMBRE DE ENTIDAD CORPORATIVA
Nombre de entidad corporativa o nombre de jurisdicción como elemento de entrada Universidad de Barcelona.
Unidad subordinada Facultad de Filosofía y Ciencias de la Educación.
9 (RLIN) 174511
852 4# - LOCALIZACIÓN
Ubicación ES-MaACL
Número de control de estantería P-1415 (89)
itemnumber 197542
Sublocalización o colección R.68610
Ubicación en estantería Depósito 2
942 ## - ELEMENTOS DE ENTRADA SECUNDARIOS (KOHA)
Fuente del sistema de clasificación o colocación Clasificación decimal universal
Holdings
Estatus retirado Estado de pérdida Fuente del sistema de clasificación o colocación Estado de daño No para préstamo Biblioteca de origen Biblioteca actual Ubicación en estantería Fecha de adquisición Fuente de adquisición Total de préstamos Signatura topográfica completa Código de barras Visto por última vez Precio de reemplazo Tipo de ítem Koha
    Clasificación decimal universal     Biblioteca del Ateneo de Madrid Biblioteca del Ateneo de Madrid Depósito 2 16/07/2005 Donación   P-1415 (89) 1202331 23/02/2023 23/02/2023 Libro impreso